Geschichte nach Bild #1 - Statistiken

Allgemein
  • Dieses Quiz wurde 76 mal gespielt
  • Das Durchschnittsergebnis liegt bei 8 aus 16
Antwortstatistiken
Bildquiz Antwort % Korrekt
Untergang der Titanic
93%
Veröffentlichung der Relativitätstheorie
79%
Trojanisches Pferd
71%
Mauerfall
69%
Sturm auf die Bastille
69%
Hexenverfolgung
62%
Attentat von Sarajevo
60%
Prager Fenstersturz
51%
Deutschland gewinnt ESC
46%
Entdeckung Amerikas
46%
Nuklearkatastrophe von Tschernobyl
43%
Beginn des Farbfernsehens
37%
Wartburgfest
16%
Mauersprung von Berlin
9%
Ballhausschwur
7%
Ermordung August von Kotzebue
7%
Keine übereinstimmenden Quizze gefunden
Verteilung der Resultate
Anzahl Personen mit jedem Resultat
Perzentil nach korrekt beantworteten Fragen
Ihre Resultats-Entwicklung
Sie haben dieses Quiz noch nicht gespielt